Responses for Show #3194 - Thursday, June 18, 1998

Dave Abbott game 3.

Contestants

[<< previous game]

Tom Wrosch, a legislation and outreach coordinator from Salem, Oregon

Ginny Morey, a writer originally from Ketchikan, Alaska

Dave Abbott, a musician and contract manager from Cincinnati, Ohio (whose 2-day cash winnings total $25,800)

[next game >>]

Jeopardy! Round responses

PEOPLE IN HISTORY
INVESTING YOUR JEOPARDY! WINNINGS
TELEVISION
FAMILIAR PHRASES
LET'S GO TO FLORIDA
WHO "M I"?
    $100 1
Golda Meir

Dave
    $100 11
insurance

Dave
    $100 26
Melrose Place

Triple Stumper
    $100 6
a straight line

Tom
    $100 18
Peking/Beijing

Tom
    $100 16
Mia Farrow

Ginny
    $200 2
Robert Fulton

Ginny
    $200 12
blue chips

Dave
    $200 27
Touched by an Angel

Dave
    $200 7
under the rug/carpet

Dave
    $200 19
Sea World

Ginny
    $200 17
Mitch Miller

Dave
    $300 3
Lady Jane Grey

Ginny
    $300 13
certificates of deposit

Dave
    $300 28
Robert Wagner

Tom
    $300 8
the 8 ball

Dave
    $300 20
Cypress Gardens

Triple Stumper
    $300 23
Michelangelo

Dave
    $400 4
Giuseppe Garibaldi

Ginny
    $400 14
IRA (individual retirement account)

Tom
    $500 29
(Tom: What is All My Children?)

General Hospital

Tom
    $400 9
Paul

Ginny
    $400 21
St. Augustine

Dave
    $400 24
Milos Forman

Ginny
    $500 5
Sequoya

Tom
    $500 15
AAA

Tom
    $500 30
I'll Fly Away

Dave
    $500 10
fear to tread

Tom
    $500 22
Sarasota

Dave
    $500 25
[A trumpet was heard.]

Miles Davis

Dave

Scores at the first commercial break (after clue 15):

Dave Ginny Tom
$1,200 $1,300 $2,000

Scores at the end of the Jeopardy! Round:

Dave Ginny Tom
$3,800 $2,000 $1,900

Double Jeopardy! Round responses

MUSICAL INSTRUMENTS
FICTIONAL FOLKS
1980s FILM FACTS
THE COSSACKS ARE COMING!
LEGENDARY HOTTIES
ANT-ONYMS
    $200 3
a reed

Dave
    $200 16
Huckleberry Finn

Tom
    $200 21
Splash

Tom
    $200 8
the Nobel Prize for Literature

Ginny
    $200 26
the phoenix

Dave
    $200 1
workers

Ginny
    $400 4
castanets

Dave
    $400 17
Willy Wonka

Dave
    $400 22
The Untouchables

Ginny
    $400 9
cavalry

Dave
    $400 27
ignite (or ignition)

Dave
    $400 2
social

Dave
    $600 5
a brass band

Dave
    $600 18
Rebecca

Dave
    $600 23
(Ginny: What is The Fisher King?)
(Dave: Uh-oh...)

Popeye

DaveGinny
Triple Stumper
    $600 10
Ukraine

Tom
    $600 28
the Sun

Dave
    $600 13
(Dave: What are carpenter ants?)

fire ants

Dave
Triple Stumper
    $800 6
(Dave: What is a dulcimer?)

the harp

DaveGinny
    $1,500 19
William Styron

Dave
    $3,000 24
(Earl) Long (from the movie Blaze)

Ginny
    $800 11
Boris Yeltsin

Tom
    $800 29
Brunhilde

Dave
    $800 14
slaves

Ginny
    $1000 7
a vibraphone (or vibes)

Dave
    $1000 20
Dylan Thomas

Dave
    $1000 25
John Waters

Dave
    $1000 12
Turkish

Dave
    $1000 30
Vulcan

Tom
    $1000 15
driver ants

Triple Stumper

Scores at the end of the Double Jeopardy! Round:

Dave Ginny Tom
$12,300 $6,800 $4,700

[wagering suggestions for these scores]

Final Jeopardy! Round responses

U.S. STATESMEN
TomWho was John Q. Adams?
$850
GinnyWho is Andrew Jackson
$3,000
DaveWho was Monroe?
$1,300
James Monroe (under President Madison)

Final scores:

Dave Ginny Tom
$13,600 $3,800 $3,850
3-day champion: $39,400 3rd place: Jeep Electronics Boom Box 2nd place: Trip to Sheraton San Marcos Golf Resort, Chandler, Arizona

Game dynamics:

Coryat scores:

Dave Ginny Tom
$11,600 $4,600 $5,200
29 R
(including 1 DD),
3 W
13 R
(including 1 DD),
1 W
12 R,
1 W
(including 1 DD)

Combined Coryat: $21,400

[game clues] [game scores] [suggest correction]

Game tape date: 1998-03-04
The J! Archive is created by fans, for fans. Scraping, republication, monetization, and malicious use prohibited; this site may use cookies and collect identifying information. See terms. The Jeopardy! game show and all elements thereof, including but not limited to copyright and trademark thereto, are the property of Jeopardy Productions, Inc. and are protected under law. This website is not affiliated with, sponsored by, or operated by Jeopardy Productions, Inc. Join the discussion at JBoard.tv.